logo

Bir Sreshtho Munshi Abdur Rouf Library
Jhenaidah Cadet College

বাংলা একাডমী বিবর্তনমূলক বাংলা অভিধান / (Record no. 10394)

MARC details
000 -LEADER
fixed length control field 00745nam a22002417a 4500
001 - CONTROL NUMBER
JCCL Control Number 10394
003 - CONTROL NUMBER IDENTIFIER
JCCL marc code BD-JhCC
005 - DATE AND TIME OF LATEST TRANSACTION
control field 20180425104830.0
008 - FIXED-LENGTH DATA ELEMENTS--GENERAL INFORMATION
fixed length control field 180425b2013 bg ||||| |||| 00| 0 eng d
020 ## - INTERNATIONAL STANDARD BOOK NUMBER
International Standard Book Number 9840750852
035 ## - SYSTEM CONTROL NUMBER
system control number (BD-JhCC)10394
040 ## - CATALOGING SOURCE
Original cataloging agency BD-JhCC
Modifying agency BD-JhCC
041 ## - LANGUAGE CODE
Language code of Book eng
082 ## - DEWEY DECIMAL CLASSIFICATION NUMBER
Classification number 410
Author mark and Year BAN 2013
245 ## - TITLE STATEMENT
Title বাংলা একাডমী বিবর্তনমূলক বাংলা অভিধান /
Statement of responsibility, etc গোলাম মুরশিদ
260 ## - PUBLICATION, DISTRIBUTION, ETC. (IMPRINT)
Place of publication, distribution, etc ঢাকা :
Name of publisher, distributor, etc বাংলা একাডেমী,
Date of publication, distribution, etc 2013.
300 ## - PHYSICAL DESCRIPTION
Pagination 1128 p. :
Dimensions 32 cm.
650 ## - SUBJECT ADDED ENTRY--TOPICAL TERM
Topical term or geographic name as entry element Dictionary
651 ## - SUBJECT ADDED ENTRY--GEOGRAPHIC NAME
Geographic name Bangla Language
700 ## - ADDED ENTRY--PERSONAL NAME
Fuller form of name মুরশিদ, গোলাম
942 ## - ADDED ENTRY ELEMENTS (KOHA)
Source of classification or shelving scheme Dewey Decimal Classification
Koha item type Reference
Holdings
Source of classification or shelving scheme volume number Damaged status Not for loan Home library Current library Shelving location Cost, normal purchase price Total Checkouts Full call number Barcode Date last seen Copy number Koha item type
Dewey Decimal Classification V-1     JCC Rouf Library JCC Rouf Library General Stacks 1000.00   410 BAN 2013 13749 04/25/2018 C-1 Reference
Dewey Decimal Classification V-1     JCC Rouf Library JCC Rouf Library General Stacks 1000.00   410 BAN 2013 13748 04/25/2018 C-2 Reference
Dewey Decimal Classification V-2     JCC Rouf Library JCC Rouf Library General Stacks 1000.00   410 BAN 2013 13751 04/25/2018 C-3 Reference
Dewey Decimal Classification V-2     JCC Rouf Library JCC Rouf Library General Stacks 1000.00   410 BAN 2013 13750 04/25/2018 C-4 Reference
Dewey Decimal Classification V-3     JCC Rouf Library JCC Rouf Library General Stacks 1000.00   410 BAN 2013 13753 04/25/2018 C-5 Reference
Dewey Decimal Classification V-3     JCC Rouf Library JCC Rouf Library General Stacks 1000.00   410 BAN 2013 13752 04/25/2018 C-6 Reference

JCC Library | Contacts | JCC Home

Last Update on 23 September 2017
Copyright @ 2017-2020 JCC Rouf Library
Rouf Library, Jhenidah Cadet College (JCC), Bangladesh